Handbook of multiphase systems /
Guardado en:
| Otros Autores: | |
|---|---|
| Formato: | Libro |
| Idioma: | English |
| Publicado: |
Washington : New York :
Hemisphere Pub. Corp. ; McGraw-Hill,
c1982.
|
| Materias: | |
| Etiquetas: |
Agregar Etiqueta
Sin Etiquetas, Sea el primero en etiquetar este registro!
|
| LEADER | 00776cam a22002055a 4500 | ||
|---|---|---|---|
| 001 | EIQ.libpla001653 | ||
| 008 | 810728s1982####waua#####bf###001#0#eng#d | ||
| 005 | 20061213164910.0 | ||
| 245 | 0 | 0 | |a Handbook of multiphase systems / |c editor-in-chief, Gad Hetsroni. |
| 260 | |a Washington : |b Hemisphere Pub. Corp. ; |a New York : |b McGraw-Hill, |c c1982. | ||
| 300 | |a 1 v. (en varias paginaciones) : |b il. ; |c 25 cm. | ||
| 504 | |a Incluye referencias bibliográficas e índice. | ||
| 020 | |a 0070284601 | ||
| 700 | 1 | |a Hetsroni, Gad., |e ed. |4 edt | |
| 082 | 0 | 0 | |a 532/.05 |2 19 |
| 650 | 4 | |a Flujo polifásico |x Handbooks, manuales, etc. | |
| 650 | 0 | |a Multiphase flow |x Handbooks, manuals, etc. | |
| 010 | |a 81006790 | ||
| 040 | |a DLC |c DLC |d AR-BbSID | ||
| 859 | |a AR-BbSID |b BIB. PLAPIQUI |h 532.05 |i H 192 |k R |p 2122 | ||
